NFL Draft 2026 Round 2 - Statistics

General Stats
  • This quiz has been taken 35 times
  • The average score is 19 of 32
Answer Stats
Pick Team Pos. Player School % Correct
39 Cleveland Browns WR Denzel Boston Washington
95%
33 San Francisco 49ers (via NYJ) WR De'Zhaun Stribling Ole Miss
85%
37 New York Giants CB Colton Hood Tennessee
80%
50 New York Jets (via DET) CB D'Angelo Ponds Indiana
75%
58 Cleveland Browns (via SF) S Emmanuel McNeil-Warren Toledo
75%
36 Houston Texans (via LV) DT Kayden McDonald Ohio State
75%
48 Atlanta Falcons CB Avieon Terrell Clemson
70%
54 Philadelphia Eagles TE Eli Stowers Vanderbilt
70%
47 Pittsburgh Steelers (via IND) WR Germie Bernard Alabama
70%
52 Green Bay Packers CB Brandon Cisse South Carolina
65%
41 Cincinnati Bengals DE Cashius Howell Texas A&M
65%
43 Miami Dolphins LB Jacob Rodriguez Texas Tech
65%
35 Buffalo Bills (via TEN) DE TJ Parker Clemson
65%
45 Baltimore Ravens DE Zion Young Missouri
65%
34 Arizona Cardinals G Chase Bisontis Texas A&M
60%
53 Indianapolis Colts (via PIT) LB CJ Allen Georgia
60%
40 Kansas City Chiefs EDGE R. Mason Thomas Oklahoma
60%
42 New Orleans Saints DT Christen Miller Georgia
55%
62 Buffalo Bills (via DEN) CB Davison Igbinosun Ohio State
55%
44 Detroit Lions (via DAL, via NYJ) EDGE Derrick Moore Michigan
55%
55 New England Patriots (via LAC) DE Gabe Jacas Illinois
55%
38 Las Vegas Raiders (via WSH, via HOU) CB / S Teydan Stukes Arizona
55%
60 Tennessee Titans (via CHI) LB Anthony Hill Jr. Texas
50%
64 Seattle Seahawks S Bud Clark TCU
50%
51 Minnesota Vikings (via CAR) LB Jake Golday Cincinnati
50%
46 Tampa Bay Buccaneers LB Josiah Trotter Missouri
50%
61 Los Angeles Rams TE Max Klare Ohio State
50%
63 Los Angeles Chargers (via NE) C Jake Slaughter Florida
45%
49 Carolina Panthers (via MIN) DT Lee Hunter Texas Tech
45%
59 Houston Texans TE Marlin Klein Michigan
45%
56 Jacksonville Jaguars TE Nate Boerkircher Texas A&M
45%
57 Chicago Bears C Logan Jones Iowas
40%
No matching quizzes found
Score Distribution
Percent of People with Each Score
Percentile by Number Answered
Your Score History
You have not taken this quiz